000 00826nas a2200253 4500
001 BR0504129
003 BR-BrBNA
005 20231205105536.0
007 ta
008 230509b bl.|||p| |||| 00| 00por d
040 _aBR-BrBNA
_bpor
_cBiblioteca Nacional de Agricultura
041 _a(Pt)
072 _aF02; F04
100 1 _aMindêllo Neto, U.R.
245 1 _aEnraizamento de estacas de pessegueiro em função do uso de ácido indolbutírico e fertilizante orgânico
650 _aPÊSSEGO
650 _aÁCIDO INDOLBUTÍRICO
650 _aADUBO ORGÂNICO
650 _aENRAIZAMENTO DE ESTACA
650 _aSANTA CATARINA
773 0 _tRevista Brasileira de Fruticultura (Brazil)
_xISSN 0100-2945
_g(Apr 2005), v. 27(1) p. 92-94
_wBR0504129
909 _a202311
_bLúcia
_c55
_dLúcia Elande
942 _2AGRIS
_n0
_cANA
999 _c183470
_d183470